000 02155nam a2200289Ia 4500
001 H2919
003 IT-RoPAU
008 130308s9999 xx 000 0 und d
040 _aIT-RoPAU
040 _cIT-RoPAU
041 _aITALIANO
100 _aPetralli Alessio
100 _gCodice Aut. SPICS: 47608
245 _aMedia in scena e nuovi linguaggi. Comunicare nell'epoca del digitale e delle globalizzazioni
245 _bMedia in scena e Nuovi Linguaggi. comunicare nell'epoca del Digitale e delle Globalizzazioni
250 _a1a ed.
260 _aROMA
260 _bCarocci
260 _c2003 [1° Ed.:2003 - Ed.Ling.Originale:2003]
300 _a"264 p. (prefazione: 22; testo: 242 [pagine: 0-0])"
500 _a"Prefazione di Stephan Russ Mohl. Consapevolezza del Cambiamento. Esperienze Avanzate e Scenari: Etere, Cavo, Satellite; passaggio al Digitale; Futurodell'All News. integrazione e Specializzazione. Interattivita': forme di Interattivita'; Interattività Evoluta. tv e Web. Archivi e Copyright. Fondamentali per la Notizia: Formazione; comunicare Il Cambiamento. Servizio Pubblico nel Digitale: comunicare la Transizione. Media in Scena: Ibridazione.Verso la convergenza Finale: Metadati. messa in scena Nei Media: Creatività e Standardizzazione; Fonti globali dei Media; Qualità e Quantita'; a buon mercato e Costoso; Estensione del Marchio. Messaggio Mediale e Multimediale: Tempo e Spazio; Tempo dell'Oralità e Spazio della Scrittura; Velocità e Lentezza; Diretta e Differita; Globale e Locale; internet e Pubblicita'; testo e Immagine; Contesto e Ipertesto. Lingue Speciali. Lingua dell'Economia e Divulgazione: Debiti Linguistici e Metafore, Riformulazioni e Parafrasi. globalizzazione Nei Media: globalizzazione e Titolazione Nei Quotidiani: globalizzazione Economica e Altre Globalizzazioni; Nascita della Globalizzazione; Globalization e termini Affini; Esempi di Cooccorrenze di Globalizzazione; regole per Il tutto Globale. Riferimenti Bibliografici. indice dei Nomi."
650 _aSAGGI DI COMUNICAZIONE SOCIALE
650 _eCodice materia Spics: 3807
942 _cBK
957 _71
999 _c89696
_d89696
999 _g1